000 00205nam a2200085Ia 4500
008 120527s9999 xx 000 0 und d
100 _aHINE, D.C. et al
245 _aThe African-American Odyssey
942 _cBK
999 _c25427
_d25427